000 01302nam a22003857a 4500
001 0007034
003 KOHA_MİRAKIL
005 20260207001543.0
007 ta
008 090814b1985 tu |||gr||||#0|||0|tur |
020 _c0,01
040 _aTR-BiSEU
_btur
_cTR-BiSEU
_erda
041 0 _atur
044 _ctu
050 _aDR531
_b.A98 1985
100 0 _aHafız Hüseyin Ayvansarayı̂.
245 1 _aMecmuâ-i tevârih/
_cHafız Hüseyin Ayvansarayı̂ ; Hâfız Hüseyin Ayvansarâyı̂; editör Fahri Çetin Derin, Vâhid Çabuk.
264 1 _aİstanbul :
_bEdebiyat Fakültesi
_c1985
300 _aXXXIX, 488 sayfa: resimli
336 _ametin
_btxt
_2rdacontent
337 _aaracısız
_bn
_2rdamedia
338 _acilt
_bnc
_2rdacarrier
490 1 _aİstanbul Üniversitesi Edebiyat Fakültesi yayınları ;
_v no.
490 1 _a3092
500 _aDizin var.
650 0 _aBuildings--Turkey--Istanbul.
_917362
650 0 _aTurkey--History 1453-1683.
_913485
650 0 _aTurkey--History 1683-1829.
_912826
650 0 _aIstanbul (Turkey)--Buildings, structures etc.
_917363
650 0 _aTurkey--Biography.
_913129
830 1 _aİstanbul Üniversitesi Edebiyat Fakültesi yayınları ;
_v no.
_912800
830 1 _a3092
_917364
907 _aTarih
942 _2lcc
_cBK
999 _c7015
_d7015